Countries Containing I - Statistics

General Stats
  • This quiz has been taken 459 times
    429 since last reset
  • The average score is 97 of 119
Answer Stats
Country % Correct
Italy
97%
Australia
94%
Austria
94%
Iceland
94%
Spain
94%
United Kingdom
94%
United States
94%
India
91%
Ireland
91%
Niger
91%
Nigeria
91%
United Arab Emirates
91%
Argentina
88%
Bosnia and Herzegovina
88%
Brazil
88%
Chile
88%
China
88%
Djibouti
88%
Iran
88%
Iraq
88%
Mali
88%
Philippines
88%
Saint Kitts and Nevis
88%
Singapore
88%
Slovakia
88%
Slovenia
88%
Switzerland
88%
Vatican City
88%
Vietnam
88%
Zimbabwe
88%
Afghanistan
85%
Albania
85%
Algeria
85%
Czech Republic
85%
Dominican Republic
85%
Finland
85%
Guinea
85%
Indonesia
85%
Libya
85%
Liechtenstein
85%
Lithuania
85%
Malawi
85%
Mexico
85%
Pakistan
85%
Papua New Guinea
85%
Russia
85%
Saint Lucia
85%
Saint Vincent and the Grenadines
85%
Solomon Islands
85%
Sri Lanka
85%
Tanzania
85%
Zambia
85%
Cote d'Ivoire
82%
Dominica
82%
Equatorial Guinea
82%
Estonia
82%
Fiji
82%
Haiti
82%
Israel
82%
Latvia
82%
Malaysia
82%
Mauritania
82%
Mauritius
82%
San Marino
82%
Saudi Arabia
82%
Somalia
82%
Armenia
79%
Belgium
79%
Belize
79%
Bulgaria
79%
Democratic Republic of the Congo
79%
Eritrea
79%
Ethiopia
79%
Georgia
79%
Guinea Bissau
79%
Jamaica
79%
Kuwait
79%
Liberia
79%
Macedonia
79%
Marshall Islands
79%
Mozambique
79%
Republic of the Congo
79%
Romania
79%
Serbia
79%
South Africa
79%
Tajikistan
79%
Thailand
79%
Turkmenistan
79%
Azerbaijan
76%
Brunei
76%
Burkina Faso
76%
Croatia
76%
Federated States of Micronesia
76%
Kiribati
76%
Namibia
76%
Ukraine
76%
Uzbekistan
76%
Bahrain
73%
Cambodia
73%
Central African Republic
73%
Gambia
73%
Sao Tome and Principe
73%
Sierra Leone
73%
Suriname
73%
Syria
73%
Taiwan
73%
Trinidad and Tobago
73%
Antigua and Barbuda
70%
Benin
70%
Maldives
70%
Nicaragua
70%
Tunisia
70%
Bolivia
67%
Burundi
67%
Colombia
67%
Swaziland
67%
Costa Rica
64%
East Timor
64%
Mongolia
64%
No matching quizzes found
Score Distribution
Percent of People with Each Score
Percentile by Number Answered
Your Score History
You have not taken this quiz since the last reset